000 004960000a22001570004500
041 0 _aSPA
082 0 4 _aG 813.5 M531b
100 1 _aMelville, Herman
245 1 0 _aBenito Cereno. Billy Budd, marinero / Herman Melville ; Nicanor Ancochea, José María Valverde, Traductores
260 _aBogotá : Oveja Negra
300 _a200 Pag
440 0 _aColección Historia Universal de la Literatura
500 _aTítulo original : Benito Cereno - Billy Budd, sailor
001 13165
942 _cBK
999 _c42154
_d42154